书目信息 |
| 题名: |
金融写作
|
|
| 作者: | 傅柏松 主编 | |
| 分册: | ||
| 出版信息: | 成都 西南财经大学出版社 1998.03 |
|
| 页数: | 418页 | |
| 开本: | 20cm | |
| 丛书名: | ||
| 单 册: | ||
| 中图分类: | F272.2 | |
| 科图分类: | ||
| 主题词: | 金融-应用文-写作--高等学校--教材 , 应用文-金融-写作--高等学校--教材 , 写作-应用文-金融--高等学校--教材 | |
| 电子资源: | ||
| ISBN: | 7-81017-556-4 | |
| 000 | 00908cam0 2200277 45 | |
| 001 | 0193043736 | |
| 005 | 20070615154308.30 | |
| 010 | @a7-81017-556-4@dCNY19.80 | |
| 100 | @a19930924d1998 em y0chiy0121 ea | |
| 101 | 0 | @achi |
| 102 | @aCN@b510000 | |
| 105 | @ay z 000yy | |
| 200 | 1 | @a金融写作@Ajin rong xie zuo@f傅柏松主编@Ffu bai song zhu bian@g《金融写作》编写组编@G《jin rong xie zuo》bian xie zu bian |
| 205 | @a2版 | |
| 210 | @a成都@c西南财经大学出版社@d1998.03 | |
| 215 | @a418页@d20cm | |
| 300 | @a高等专科学校金融类教材 | |
| 330 | @a介绍写作活动的一般过程与规律以及金融工作中一些常用文体的写作基础知识。 | |
| 606 | @a金融-应用文-写作@x高等学校@x教材 | |
| 606 | @a应用文-金融-写作@x高等学校@x教材 | |
| 606 | @a写作-应用文-金融@x高等学校@x教材 | |
| 690 | @aF272.2@v4 | |
| 701 | 0 | @a傅柏松@4主编 |
| 801 | 0 | @aCN@bNLC@c20070615 |
| 905 | @aBZT@dF272.2@e1 | |
| 906 | @dCNY19.80@n0@r1 | |
| 金融写作/傅柏松主编/《金融写作》编写组编.-2版.-成都:西南财经大学出版社,1998.03 |
| 418页;20cm |
| 高等专科学校金融类教材 |
| ISBN 7-81017-556-4:CNY19.80 |
| 介绍写作活动的一般过程与规律以及金融工作中一些常用文体的写作基础知识。 |
| ● |
| 相关链接 |
|
|
|
正题名:金融写作
索取号:F272.2/1
 
预约/预借
| 序号 | 登录号 | 条形码 | 馆藏地/架位号 | 状态 | 备注 |
| 1 | 560199 | 230146182 | 中心书库北库/ 北库012架A面3列1层42/ [索取号:F272.2/1] | 在馆 | |
| 2 | 560200 | 230146181 | 中心书库北库/ 北库012架A面3列1层45/ [索取号:F272.2/1] | 在馆 | |
| 3 | 560201 | 230146180 | 中心书库北库/ 北库012架A面3列1层46/ [索取号:F272.2/1] | 在馆 | |
| 4 | 560202 | 230146179 | 中心书库北库/ 北库012架A面3列1层44/ [索取号:F272.2/1] | 在馆 | |
| 5 | 560203 | 230146178 | 中心书库北库/ 北库012架A面3列1层43/ [索取号:F272.2/1] | 在馆 |